| 000 | 00956cam a2200301 a 4500 | ||
|---|---|---|---|
| 008 | 100131s2005 maua b 000 0 eng d | ||
| 020 | _a0618403418 | ||
| 020 | _a9780618403417 | ||
| 040 |
_aCOF _cCOF _dDLC _dEG-GiCUC |
||
| 050 | 0 | 0 |
_aHM1035 _b.F45 2005 |
| 082 | 0 | 0 |
_a302 _221 |
| 092 | 0 | 4 |
_a302 _bF2991 2005 _221 |
| 099 |
_a04 _a302 F2991 2005 |
||
| 100 | 1 | _aFein, Steven. | |
| 245 | 1 | 0 |
_aReadings in social psychology : _bthe art and science of research / _cSteven Fein, Saul Kassin. |
| 250 | _a3rd ed. | ||
| 260 |
_aBoston : _bHoughton Mifflin Co., _cc2005. |
||
| 300 |
_aix, 228 p. : _bill. ; _c26 cm. |
||
| 504 | _aIncludes bibliographical references. | ||
| 650 | 0 | _aSocial psychology. | |
| 700 | 1 |
_aBrehm, Sharon S. _tSocial psychology. |
|
| 700 | 1 | _aKassin, Saul | |
| 902 | _a1 | ||
| 905 |
_aIbrahim _eRev. |
||
| 905 |
_aJamal _eCat. |
||
| 942 |
_2ddc _cBK |
||
| 999 |
_c117337 _d117337 |
||